AFL rivalries - Statistics

General Stats
  • This quiz has been taken 72 times
    64 since last reset
  • The average score is 20 of 54
Answer Stats
Hint Answer % Correct
Adelaide Port Adelaide
98%
Collingwood Carlton
76%
Carlton Collingwood
71%
Fremantle West Coast
71%
Port Adelaide Adelaide
62%
GWS Sydney
62%
Essendon
60%
Brisbane Collingwood
57%
Gold Coast
52%
West Coast Fremantle
50%
Geelong Hawthorn
50%
Melbourne
50%
Melbourne Collingwood
45%
Essendon
45%
Collingwood
43%
Essendon Hawthorn
43%
Richmond
43%
Carlton
40%
Richmond Carlton
40%
Hawthorn Essendon
40%
Collingwood
38%
GWS
38%
Carlton
36%
Collingwood
36%
Collingwood
36%
Geelong
36%
Brisbane
33%
Collingwood
33%
St Kilda Collingwood
33%
Hawthorn
31%
North Melbourne St Kilda
31%
Western Bulldogs
31%
Collingwood
29%
Hawthorn
29%
Hawthorn
29%
Port Adelaide
29%
Richmond
29%
Sydney
29%
Collingwood
26%
Essendon
26%
Gold Coast Richmond
26%
Western Bulldogs Collingwood
24%
Sydney Hawthorn
24%
St Kilda
24%
Sydney
21%
Sydney
21%
Collingwood
19%
Hawthorn
19%
Hawthorn
19%
North Melbourne
19%
Richmond
19%
Sydney
19%
Port Adelaide
17%
Adelaide
14%
No matching quizzes found
Score Distribution
Percent of People with Each Score
Percentile by Number Answered
Your Score History
You have not taken this quiz since the last reset